000 00588nam a2200145Ia 4500
008 100204s9999 xx 000 0 und d
082 _b7109
100 _aमुझुमदार वासंती संपा.
245 _aरुची : संगीत विशेषांक
260 _b"ग्रंथाली वाचक चळवळ , मुंबई - कुर्ला"
_c1985
300 _a6+172
630 _aरुची : संगीत विशेषांक
730 _aरुची : संगीत विशेषांक
942 _cBOOK
999 _c451546
_d451543